000
00322pab a2200145 454500
008
180718b2017 xxu||||| |||| 00| 0 eng d
100
_a
Srinivas, V.
245
_a
Zero tolerance to corruption
260
_c
2017
300
_a
p.35-38.
362
_a
Oct
650
_a
Corruption
773
_a
Yojana
909
_a
116397
999
_c
116391
_d
116391